000 00542nam a2200193Ia 4500
003 BUBTL
008 151213s9999 xx 000 0 und d
082 _a818.303/ Sa798w/
100 _aSastri, P. S.
_94989
245 _aWalden and Civil Disobedience :
_cP. S. Sastri
260 _aNew Delhi
_bLakshmi Narain Agarwal
300 _a362p. :
_b21 cm
650 _aEnglish Literature
650 _a
700 _aP. S. Sastri
_94990
856 _k0
_l0
_yDownload
942 _2ddc
_cBK
999 _c3768
_d3768